Statistics for Cityscapes Drawn in Pencil

Click here to take the quiz!

General Stats

  • This quiz has been taken 29 times
  • The average score is 6 of 8

Answer Stats

Answer% Correct
Paris
100%
New York
96%
Dubai
88%
London
79%
Tokyo
79%
Shanghai
75%
Hong Kong
58%
Seoul
33%

Score Distribution

Percentile by Number Answered

Percent of People with Each Score

Your Score History

You have not taken this quiz